Mano derecha, mano izquierda: los orígenes de la asimetría en cerebros, cuerpos, átomos y culturas
Gardado en:
| Autor Principal: | |
|---|---|
| Formato: | Libro |
| Idioma: | Lingua castelá |
| Publicado: |
Barcelona
Biblioteca Buridán
2007
|
| Edición: | 1a. ed |
| Subjects: | |
| Tags: |
Engadir etiqueta
Sen Etiquetas, Sexa o primeiro en etiquetar este rexistro!
|
MARC
| LEADER | 00000cam a2200000 a 4500 | ||
|---|---|---|---|
| 001 | UCG1525 | ||
| 003 | CL-VaPUC | ||
| 008 | 100506e20070000SP |||||||||||||||||spa|d | ||
| 020 | |a 9788496831445 | ||
| 082 | 0 | 4 | |a 155 |b MCM |2 21 |
| 100 | |a McManus, Chris |e autor |9 549491 | ||
| 245 | 1 | 0 | |a Mano derecha, mano izquierda: los orígenes de la asimetría en cerebros, cuerpos, átomos y culturas |
| 250 | |a 1a. ed | ||
| 300 | |a 489 p | ||
| 942 | |c BK | ||
| 945 | |d 20100506 00:00:00 |a cmena | ||
| 260 | |a Barcelona |b Biblioteca Buridán |c 2007 | ||
| 500 | |a Al final del libro, donde aparece el símbolo www, indica que existe una nota más extensa, una hipernota, que puede consultarse en internet. La dirección de la página web donde se encuentran estas notas es: www.righthandandlefthand.com. En este sitio, en inglés, el lector encontrará también material adicional y tendrá la oportunidad de participar en experimentos y trabajos de investigación | ||
| 500 | |a Trabajo galardonado con los prestigiosos premios de Divulgación Científica: Wellcome Trust Priza y Aventis Science Book Prize | ||
| 650 | 0 | |a Procesos mentales superiores |9 330839 | |
| 650 | 0 | |a Psicología del desarrollo |9 307541 | |
| 650 | 7 | |a LATERALIDAD |2 CL-VaPUC |9 549492 | |
| 650 | 0 | |a Asimetría |9 358363 | |
| 650 | 0 | |a Cerebro |9 307262 | |
| 650 | 7 | |a NEUROFISIOLOGIA |2 CL-VaPUC |9 549493 | |
| 583 | |a last modification |c 20111014 01:01:28 |k Rodrigo Vera | ||
| 999 | |c 340875 |d 340873 | ||
| 952 | |0 0 |1 0 |4 0 |6 155_000000000000000_MCM_2007 |7 0 |8 C |9 436010 |a BIBCUR |b BIBCUR |d 2019-11-22 |i 4671287 |o 155 MCM 2007 |p 4671287 |r 2025-04-22 |w 2019-11-22 |y BK |k EXP | ||
| 952 | |0 0 |1 0 |4 0 |6 155_000000000000000_MCM_2007 |7 0 |8 C |9 436011 |a BIBCUR |b BIBCUR |d 2019-11-22 |i 4791800 |o 155 MCM 2007 |p 4791800 |r 2025-04-22 |w 2019-11-22 |y BK |k EXP | ||